000 00648nab a2200193 4500
001 244442
003 OSt
005 20240109142104.0
007 tu
008 200917s2020|||||||
040 _aDE-2950
_cDE-2950
245 0 0 _aDas Leben wird teurer
_bKosten. Müll, Abwasser, Nahverkehr: 2024 werden in vielen Bereichen in Frankfurt Entgelte, Gebühren und Preise angehoben. Der Überblick zum Jahreswechsel/
_cThomas Gutke
264 _c2023
653 _aFrankfurt (Oder)
653 _asteigende Preise
653 _aIhor Kapritsyn
773 0 _g35. Jahrgang (2024) Nr. 1 vom 02.01.2024, S. 13, mit Foto
_tMärkische Oderzeitung
942 _2z
_cA
999 _c372909
_d372909